000
00318nam a22001337a 4500
008
180919b xxu||||| |||| 00| 0 eng d
020
_a
9780205261765
041
_a
eng
080
_a
94
100
_a
16
101
_a
HIS
245
_a
Reading our Histories Understanding our Cultures
_c
Cormick,K.M
942
_2
udc
_c
BK
999
_c
48089
_d
48089